000 00697nam a2200289Ia 4500
005 20260324143744.0
008 008 260324s9999 xx 000 0 eng d
020 _a9780429306846
037 _aEBOOK
040 _aCRL
040 _beng
040 _cCRL
041 _2eng
041 _aeng
084 _qCRL
100 _aKevin P. Lane
_91216803
245 0 _aSovereignty And The Status Quo
245 4 _bThe Historical Roots Of China's Hong Kong Policy
260 _bTaylor and Francis
260 _c1990
365 _a
365 _b145
856 _uhttp://www.taylorfrancis.com/books/9780429306846
942 _cEBOOK
999 _c1822591
_d1822591